00225 a2200109 4500001000700000020000600007040001100013100002100024240003300045245002800078362000900106170757 a  cMagnum aLalana, Fernando10aUn principe algo raritolESP10aUn principe algo rarito0 a1899